[Event "Elit(Kungstornet-Eksjo)"]
[Site "?"]
[Date "2023.10.13"]
[Round "1"]
[White "Vernersson, Per"]
[Black "Henriksson, Johan"]
[Result "1/2-1/2"]
[WhiteElo "2259"]
[BlackElo "2262"]
[PlyCount "84"]
[SourceVersionDate "2023.10.21"]

1. Nf3 d5 2. c4 c6 3. d4 Nf6 4. Nc3 a6 5. cxd5 cxd5 6. Bf4 e6 7. e3 Qb6 8. a3
Bd7 9. Qc2 Nc6 10. Bd3 Rc8 11. h3 Na5 12. O-O Bd6 13. Bxd6 Qxd6 14. Ne5 Nc4 15.
Bxc4 dxc4 16. Ne4 Nxe4 17. Qxe4 Qd5 18. Qc2 b5 19. Qc3 f6 20. Nxd7 Qxd7 21. a4
Kf7 22. axb5 axb5 23. Ra5 Rc7 24. Rfa1 Rb8 25. Qb4 Qe7 26. Qxe7+ Kxe7 27. Kf1
b4 28. Ke2 c3 29. bxc3 Rxc3 30. R5a2 f5 31. Rb2 Kd6 32. Ra6+ Rc6 33. Ra7 Rc7
34. Rxc7 Kxc7 35. Kd3 Kd6 36. f3 e5 37. Kc4 exd4 38. Kxd4 g5 39. Kc4 Rc8+ 40.
Kd4 Rb8 41. Kc4 Rc8+ 42. Kd4 Rb8 1/2-1/2

[Event "Elit(Rockaden,Sthlm-Orgryte)"]
[Site "?"]
[Date "2023.10.13"]
[Round "1"]
[White "Arnelind, Mikael"]
[Black "Sorensen, Hampus"]
[Result "0-1"]
[WhiteElo "2210"]
[BlackElo "2470"]
[PlyCount "128"]
[EventDate "2021.02.07"]
[EventType "team (rapid)"]
[EventRounds "9"]
[SourceVersionDate "2023.10.22"]

1. d4 Nf6 2. c4 e6 3. Nc3 d5 4. cxd5 exd5 5. Bg5 c6 6. e3 Be7 7. Qc2 O-O 8. Bd3
h6 9. Bh4 Ne8 10. Bg3 Nd6 11. Nge2 Re8 12. O-O Bf8 13. Rae1 a5 14. Nc1 Na6 15.
a3 Nc7 16. f3 Ne6 17. Nb3 b6 18. Nd2 Ba6 19. Bxa6 Rxa6 20. Qd3 Ra7 21. Kh1 Rd7
22. Bf2 b5 23. Qc2 h5 24. a4 b4 25. Ne2 Qa8 26. Ng3 g6 27. Rc1 Rc8 28. Nb3 Bh6
29. Rce1 Re8 30. h3 Ng7 31. Nc5 Rde7 32. f4 h4 33. Ne2 Ngf5 34. Nc1 Nxe3 35.
Bxe3 Rxe3 36. Qf2 Rxe1 37. Rxe1 Rxe1+ 38. Qxe1 Bxf4 39. N1d3 Bg3 40. Qe7 Qf8
41. Qxf8+ Kxf8 42. Nd7+ Ke8 43. Nb8 Nf5 44. Nxc6 Bc7 45. Nc5 Bb6 46. Nb3 Kd7
47. Ne5+ Ke6 48. Nf3 Nd6 49. Nc5+ Bxc5 50. dxc5 Nf5 51. Kg1 f6 52. Nd2 Nd4 53.
Kf2 g5 54. Ke3 Ke5 55. Kd3 f5 56. Ke3 g4 57. Kd3 Ne6 58. c6 Kd6 59. hxg4 fxg4
60. Nf1 Nf4+ 61. Kd4 Nxg2 62. c7 Kxc7 63. Kxd5 g3 64. Ke4 Ne1 0-1

[Event "Elit(Limhamn-Stockholms SS)"]
[Site "?"]
[Date "2023.10.13"]
[Round "1"]
[White "Schneider, Stefan"]
[Black "Olund, Joar"]
[Result "1/2-1/2"]
[WhiteElo "2378"]
[BlackElo "2386"]
[PlyCount "69"]
[SourceVersionDate "2023.10.19"]

1. d4 d5 2. c4 dxc4 3. e3 Nf6 4. Bxc4 e6 5. Nf3 c5 6. O-O a6 7. b3 Nc6 8. Bb2
cxd4 9. Nxd4 Bd7 10. Nd2 Nxd4 11. Bxd4 Bc6 12. Be2 Be7 13. Nc4 O-O 14. Rc1 Nd7
15. Bc3 Bd5 16. Qd2 Bxc4 17. Bxc4 Nb6 18. Qxd8 Bxd8 19. Bb4 Re8 20. Be2 Nd5 21.
Bd2 Be7 22. e4 Bb4 23. Rfd1 Bxd2 24. Rxd2 Nf4 25. Bf1 e5 26. Rd7 b5 27. a4 Rac8
28. Rdc7 Rxc7 29. Rxc7 Ne6 30. Rc6 Ra8 31. a5 Nd4 32. Rc3 b4 33. Rc7 Nxb3 34.
Bc4 Nxa5 35. Bxf7+ 1/2-1/2

[Event "Elit(Kungstornet-Eksjo)"]
[Site "?"]
[Date "2023.10.13"]
[Round "1"]
[White "Couso, Luis"]
[Black "Thornert, Hakan"]
[Result "1/2-1/2"]
[WhiteElo "2248"]
[BlackElo "2157"]
[PlyCount "63"]
[SourceVersionDate "2023.10.21"]

1. Nf3 d5 2. b3 Nc6 3. Bb2 Bg4 4. e3 e5 5. h3 Bxf3 6. Qxf3 a6 7. Nc3 Nf6 8.
O-O-O Qd7 9. g4 h6 10. Bg2 O-O-O 11. d3 Kb8 12. Rhe1 Bb4 13. a3 Ba5 14. Rg1 Qe7
15. Ne2 Rhe8 16. h4 e4 17. Qf5 exd3 18. Rxd3 Ne5 19. Qxe5 Qxe5 20. Bxe5 Rxe5
21. Bf3 c6 22. g5 hxg5 23. hxg5 Ne4 24. Bxe4 Rxe4 25. g6 Rf8 26. f4 Re6 27.
gxf7 Rxf7 28. Nd4 Rh6 29. Rg5 Bd8 30. Re5 Bf6 31. Re8+ Kc7 32. b4 1/2-1/2

[Event "Elit(Rockaden,Sthlm-Orgryte)"]
[Site "?"]
[Date "2023.10.13"]
[Round "1"]
[White "Barkhagen, Jonas"]
[Black "Anderzen, Robert"]
[Result "1-0"]
[WhiteElo "2425"]
[BlackElo "2112"]
[PlyCount "105"]
[EventDate "2021.02.07"]
[SourceVersionDate "2023.10.22"]

1. d4 Nf6 2. c4 e6 3. Nf3 Bb4+ 4. Nbd2 b6 5. g3 Bb7 6. Bg2 O-O 7. O-O d5 8. Ne5
Nfd7 9. Nd3 Be7 10. cxd5 exd5 11. b4 Nf6 12. Rb1 Bd6 13. Nc4 Ne4 14. Nxd6 Nxd6
15. Qc2 Nd7 16. Rd1 Re8 17. Nc5 bxc5 18. bxc5 Nb6 19. cxd6 cxd6 20. Qd3 Qd7 21.
Bf4 Rac8 22. Qa3 Bc6 23. Qxd6 Qxd6 24. Bxd6 Rxe2 25. Rdc1 Bd7 26. a3 h6 27. Bc5
Be6 28. Ra1 Rd2 29. Rd1 Rxd1+ 30. Rxd1 Rc7 31. Bf1 Na4 32. Bb4 Nc3 33. Re1 Ne4
34. f3 Nf6 35. Bd3 Nd7 36. Kf2 g6 37. Bxg6 Rc4 38. Bd3 Rc7 39. Rb1 Nb6 40. Bc5
Na4 41. Rb8+ Kg7 42. Bf8+ Kf6 43. Bd6 Rc3 44. Be5+ Ke7 45. Bb5 Bd7 46. Rb7 Rc2+
47. Ke3 Nb6 48. Rxa7 Ke6 49. Bd3 Rc3 50. Kd2 Rc8 51. g4 Nc4+ 52. Ke2 Ke7 53.
Bf5 1-0

[Event "Elit(Limhamn-Stockholms SS)"]
[Site "?"]
[Date "2023.10.13"]
[Round "1"]
[White "Tuomainen, Felix"]
[Black "Helgason, Reynir"]
[Result "1-0"]
[WhiteElo "2182"]
[BlackElo "2288"]
[PlyCount "75"]
[EventDate "2023.??.??"]
[SourceVersionDate "2023.10.19"]

1. d4 d5 2. c4 e6 3. Nc3 Nf6 4. Nf3 Nbd7 5. Bg5 h6 6. Bf4 dxc4 7. e3 Bd6 8. Ne5
Nb6 9. Bxc4 Nxc4 10. Qa4+ Bd7 11. Qxc4 Nh5 12. O-O Nxf4 13. exf4 O-O 14. Rad1
Qe7 15. Rfe1 Rfd8 16. f5 exf5 17. Nd5 Qf8 18. Nf4 Bxe5 19. dxe5 Bc6 20. Rc1 Rd2
21. Qc3 Rd7 22. Qb3 Re8 23. Qh3 g6 24. Qb3 Kh7 25. h4 Rd4 26. g3 Rb4 27. Qc3
Re4 28. f3 Rxe1+ 29. Rxe1 Qe7 30. e6 Qf8 31. Re5 f6 32. Re3 g5 33. Nh5 Kg6 34.
g4 f4 35. Qd3+ f5 36. Re5 Rd8 37. e7 Qxe7 38. Qxf5# 1-0

[Event "Elit(Kungstornet-Eksjo)"]
[Site "?"]
[Date "2023.10.13"]
[Round "1"]
[White "Malesevic, Nedeljko"]
[Black "Larsson, Anders"]
[Result "1-0"]
[WhiteElo "2206"]
[BlackElo "2217"]
[PlyCount "77"]
[SourceVersionDate "2023.10.21"]

1. d4 e6 2. c4 Bb4+ 3. Bd2 Bxd2+ 4. Qxd2 Nf6 5. Nc3 d5 6. e3 O-O 7. Nf3 Qe7 8.
Qc2 c6 9. cxd5 exd5 10. Bd3 Re8 11. O-O Nbd7 12. Rab1 b6 13. b4 Bb7 14. Rfc1
Ne4 15. Bxe4 dxe4 16. Nd2 Nf6 17. Nc4 Nd7 18. Qxe4 Qxe4 19. Nxe4 Rxe4 20. Nd6
Re6 21. Nxb7 Rb8 22. b5 cxb5 23. Rc7 Nf6 24. Rxb5 Ne8 25. Rd7 Nf6 26. Rd8+ Rxd8
27. Nxd8 Rd6 28. Nb7 Rc6 29. Nc5 Kf8 30. Nd3 Rc3 31. Rb3 Rc2 32. Rb2 Rc3 33.
Ne1 Rc1 34. Kf1 Ra1 35. Rc2 Nd5 36. Ke2 Rxa2 37. Rxa2 Nc3+ 38. Kd2 Nxa2 39. Nd3
1-0

[Event "Elit(Rockaden,Sthlm-Orgryte)"]
[Site "?"]
[Date "2023.10.13"]
[Round "1"]
[White "Green, Per"]
[Black "Kenneskog, Theodor"]
[Result "0-1"]
[WhiteElo "1912"]
[BlackElo "2335"]
[PlyCount "76"]
[EventDate "2021.02.07"]
[SourceVersionDate "2023.10.22"]

1. c4 e6 2. g3 d5 3. Bg2 Nf6 4. Nf3 d4 5. e3 c5 6. exd4 cxd4 7. d3 Nc6 8. O-O
h6 9. Bf4 Nd7 10. Re1 Bb4 11. Re2 Bc5 12. Na3 O-O 13. Nb5 a6 14. Na3 Re8 15.
Nc2 a5 16. Na3 e5 17. Bc1 Bf8 18. Nb5 Nc5 19. Re1 Bf5 20. Bf1 f6 21. a3 a4 22.
Nh4 Bh7 23. Qf3 e4 24. Qd1 Nb3 25. Rb1 exd3 26. Rxe8 Qxe8 27. Bxd3 Bxd3 28.
Qxd3 Qe1+ 29. Qf1 Qe4 30. Bxh6 gxh6 31. Re1 Qg4 32. f3 Qd7 33. Qd3 Ne5 34. Qe4
Re8 35. Rd1 Qc6 36. Qf5 d3 37. Kg2 Nxf3 38. Kf2 Bc5+ 0-1

[Event "Elit(Limhamn-Stockholms SS)"]
[Site "?"]
[Date "2023.10.13"]
[Round "1"]
[White "Penalver, Osmani"]
[Black "Cederstam, Carl"]
[Result "1/2-1/2"]
[WhiteElo "2294"]
[BlackElo "2232"]
[PlyCount "73"]
[SourceVersionDate "2023.10.20"]

1. d4 d5 2. c4 e6 3. Nc3 h6 4. Nf3 Nf6 5. Bf4 Bd6 6. Bxd6 Qxd6 7. e3 O-O 8. h3
a6 9. a3 Nbd7 10. Rc1 b6 11. cxd5 exd5 12. Bd3 c5 13. O-O c4 14. e4 Qf4 15. e5
cxd3 16. exf6 Nxf6 17. Qxd3 Bf5 18. Qd2 Qd6 19. Ne5 Rac8 20. Qf4 Be6 21. Ng6
Qxf4 22. Nxf4 Rc4 23. Rcd1 Rd8 24. Rfe1 Rd6 25. Re5 b5 26. g4 b4 27. axb4 Rxb4
28. Rd2 Rdb6 29. Ncxd5 Nxd5 30. Nxd5 Bxd5 31. Rxd5 Rxb2 32. Rxb2 Rxb2 33. Rd8+
Kh7 34. Rd7 Kg8 35. d5 g6 36. Rd6 Rd2 37. Rxa6 1/2-1/2

[Event "Elit(Kungstornet-Eksjo)"]
[Site "?"]
[Date "2023.10.13"]
[Round "1"]
[White "Jonsson, Mikael"]
[Black "Rajcevski, Dejan"]
[Result "1-0"]
[WhiteElo "2196"]
[BlackElo "2105"]
[PlyCount "41"]
[SourceVersionDate "2023.10.21"]

1. e4 e5 2. Nf3 Nf6 3. Nxe5 d6 4. Nf3 Nxe4 5. d4 d5 6. Bd3 Bd6 7. O-O O-O 8. c4
c6 9. Nc3 Nxc3 10. bxc3 dxc4 11. Bxc4 Bf5 12. Bg5 Qa5 13. Re1 Qxc3 14. Rc1 Qa5
15. Be7 Bxe7 16. Rxe7 Qb4 17. Qe2 Be6 18. Rxe6 fxe6 19. Qxe6+ Kh8 20. Ng5 h6
21. Qg6 1-0

[Event "Elit(Rockaden,Sthlm-Orgryte)"]
[Site "?"]
[Date "2023.10.13"]
[Round "1"]
[White "Bator, Robert"]
[Black "Eksmyr, Johan"]
[Result "1-0"]
[WhiteElo "2342"]
[BlackElo "2088"]
[PlyCount "83"]
[EventDate "2021.02.07"]
[SourceVersionDate "2023.10.22"]

1. e4 c6 2. d4 d5 3. e5 Bf5 4. Nf3 e6 5. Be2 Ne7 6. O-O Nd7 7. a4 a5 8. Nbd2 h6
9. Nb3 g5 10. Ne1 Rg8 11. Nd3 Ng6 12. Bd2 b6 13. Ne1 Nf4 14. Bg4 Be4 15. Qc1
Bf5 16. Bd1 Qc7 17. Bxf4 gxf4 18. c4 dxc4 19. Qxc4 Be4 20. Bf3 Bd5 21. Bxd5
exd5 22. Qc1 O-O-O 23. Qxf4 f6 24. Nd3 fxe5 25. dxe5 Re8 26. Qf7 Be7 27. Nd4
Nc5 28. Qf5+ Kb7 29. Nxc5+ Bxc5 30. Ne6 Qe7 31. Nxc5+ Qxc5 32. Qd7+ Ka6 33.
Rac1 Qd4 34. g3 Qxe5 35. Qxc6 d4 36. Qc4+ Kb7 37. b4 axb4 38. Qxb4 Rg6 39. Rfe1
Qb8 40. Re7+ Ka8 41. Rec7 Rge6 42. Qc4 1-0

[Event "Elit(Wasa-Vaxjo)"]
[Site "?"]
[Date "2023.10.13"]
[Round "1"]
[White "Hillarp, Tiger"]
[Black "Meshkovs, Nikita"]
[Result "1-0"]
[WhiteElo "2497"]
[BlackElo "2540"]
[PlyCount "127"]
[SourceVersionDate "2023.10.20"]

1. d4 Nf6 2. c4 e6 3. Nc3 Bb4 4. Qc2 d5 5. cxd5 exd5 6. Bg5 h6 7. Bh4 O-O 8. e3
Re8 9. O-O-O c6 10. Bd3 Nbd7 11. Nge2 Qa5 12. Kb1 b5 13. h3 Be7 14. Nc1 Bb7 15.
Bf5 Qd8 16. Nd3 a5 17. Rc1 a4 18. Bxd7 Nxd7 19. Bxe7 Rxe7 20. Ne2 Nb6 21. Qc3
Nc4 22. g4 Bc8 23. Qb4 Rea7 24. Nef4 Qf6 25. Ka1 Qh4 26. Rcg1 Bd7 27. Qe1 Be8
28. Nc5 b4 29. Rg3 Rb8 30. Nfd3 b3 31. a3 Ra5 32. Rhg1 Qe7 33. h4 g6 34. h5 g5
35. Qc3 Ra7 36. Re1 Qd6 37. e4 f6 38. e5 Qf8 39. f4 fxe5 40. dxe5 gxf4 41. Rf3
Rb5 42. Rxf4 Qe7 43. Rxc4 dxc4 44. Qxc4+ Qf7 45. e6 Qf3 46. e7+ Qf7 47. Qe4 Qf6
48. Qe3 Qg5 49. Qe6+ Kg7 50. Qd6 Qd5 51. Qd8 Qf7 52. Ne6+ Kh7 53. Ndf4 Rd5 54.
Nxd5 cxd5 55. Nc7 Qf2 56. Rb1 Bf7 57. e8=Q Bxe8 58. Nxe8 Qc2 59. Nf6+ Kg7 60.
Nd7 Qf2 61. Qe7+ Qf7 62. Qe5+ Kh7 63. Nf6+ Kh8 64. Nxd5+ 1-0

[Event "Elit(LASK-Vasteras)"]
[Site "?"]
[Date "2023.10.13"]
[Round "1"]
[White "Akesson, Ralf"]
[Black "Pantzar, Milton"]
[Result "0-1"]
[WhiteElo "2410"]
[BlackElo "2453"]
[PlyCount "120"]
[SourceVersionDate "2023.10.21"]

1. d4 d5 2. c4 e6 3. Nc3 Nf6 4. cxd5 exd5 5. Bg5 c6 6. e3 Be7 7. Qc2 O-O 8. Bd3
Nbd7 9. Nf3 Re8 10. O-O h6 11. Bf4 Nf8 12. h3 Bd6 13. Ne5 a6 14. Rad1 c5 15.
Be2 cxd4 16. exd4 Ne6 17. Be3 Nxd4 18. Bxd4 Bxe5 19. Bf3 Qc7 20. Qb3 Bxd4 21.
Rxd4 Be6 22. Nxd5 Bxd5 23. Bxd5 Nxd5 24. Rxd5 Re2 25. g3 Rae8 26. Rf5 R8e3 27.
Qxf7+ Qxf7 28. Rxf7 Kxf7 29. fxe3+ Ke6 30. Rf2 Rxe3 31. Kg2 Ke5 32. Rc2 g5 33.
Kf2 Rd3 34. Re2+ Kd5 35. Re3 Rd2+ 36. Re2 Rxe2+ 37. Kxe2 Ke4 38. g4 b6 39. a3
Kd4 40. Kd2 Kc4 41. Kc2 Kd4 42. Kd2 Ke4 43. Ke2 Kf4 44. Kf2 a5 45. a4 Ke4 46.
Ke2 Kd4 47. Kd2 Kc4 48. Kc2 Kb4 49. b3 Kc5 50. Kc3 b5 51. axb5 Kxb5 52. Kc2 Kc6
53. Kb2 Kd5 54. Ka3 Kd4 55. Ka4 Kc3 56. Ka3 Kd3 57. Kb2 Kd2 58. Kb1 Kc3 59. Ka2
Kc2 60. Ka3 Kb1 0-1

[Event "Elit(Wasa-Vaxjo)"]
[Site "?"]
[Date "2023.10.13"]
[Round "1"]
[White "Amin, Bassem"]
[Black "Sumets, Andrey"]
[Result "1-0"]
[WhiteElo "2682"]
[BlackElo "2521"]
[PlyCount "87"]
[EventDate "2023.??.??"]
[SourceVersionDate "2023.10.20"]

1. e4 e6 2. d3 d5 3. Qe2 Nf6 4. Nf3 Be7 5. g3 b5 6. Bg2 b4 7. e5 Nfd7 8. h4 c5
9. O-O Nc6 10. Re1 a5 11. c4 bxc3 12. bxc3 Ba6 13. a4 Rb8 14. Na3 Nb6 15. Qc2
Qd7 16. Bf4 d4 17. Nb5 Nxa4 18. c4 Nc3 19. Nd6+ Bxd6 20. exd6 Bb7 21. Re5 f6
22. Rxc5 e5 23. Bxe5 fxe5 24. Nxe5 Qxd6 25. Bxc6+ Bxc6 26. Nxc6 Qxc5 27. Nxb8
Qb6 28. Re1+ Kd8 29. Qc1 Kc8 30. Qf4 Rd8 31. Re7 Qd6 32. Qxd6 Rxd6 33. c5 Rf6
34. Nd7 Ra6 35. Nb6+ Kb8 36. Kg2 a4 37. Nc4 a3 38. c6 a2 39. Rb7+ Ka8 40. Nb6+
Rxb6 41. Rxb6 Ka7 42. Rb7+ Ka8 43. Rb3 a1=Q 44. c7 1-0

[Event "Elit(LASK-Vasteras)"]
[Site "?"]
[Date "2023.10.13"]
[Round "1"]
[White "Hansen, Sune Berg"]
[Black "Bergstrom, Peter"]
[Result "1/2-1/2"]
[WhiteElo "2512"]
[BlackElo "2326"]
[PlyCount "147"]
[SourceVersionDate "2023.10.21"]

1. c4 c6 2. Nf3 Nf6 3. g3 d5 4. Bg2 Bg4 5. Ne5 Bf5 6. Qb3 Qc8 7. d4 e6 8. Nc3
Nbd7 9. cxd5 exd5 10. Bf4 Nxe5 11. Bxe5 Be7 12. Rc1 Qd7 13. h3 O-O 14. g4 Bg6
15. e3 Kh8 16. Qd1 Ne8 17. h4 f6 18. Bf4 Bd6 19. h5 Bf7 20. Qf3 h6 21. Bf1 Bg8
22. Bd3 Bh7 23. Bxh7 Kxh7 24. Ne2 Bxf4 25. Nxf4 Nd6 26. Rg1 Ne4 27. Qe2 Rfe8
28. f3 Ng5 29. Qd3+ Kg8 30. Kf2 Re7 31. Rce1 Rae8 32. Kg2 Qc7 33. Ng6 Rd7 34.
Re2 a6 35. Rge1 Qb6 36. Nh4 Qb4 37. a3 Qe7 38. Qg6 Qf7 39. Qc2 Qe7 40. b4 Ra8
41. Qc5 Ne6 42. Qc1 Ng5 43. Nf5 Qd8 44. Qb1 Qc7 45. Qb3 Kh8 46. Nh4 Qd6 47. Qc3
Kg8 48. a4 Rc7 49. Qb3 Kh8 50. Nf5 Qd7 51. Rc1 Re8 52. b5 axb5 53. axb5 Nf7 54.
bxc6 bxc6 55. Qb4 Rd8 56. Rb1 Kg8 57. e4 Nd6 58. Nxd6 Qxd6 59. Qxd6 Rxd6 60.
Rb8+ Kf7 61. e5 fxe5 62. dxe5 Re6 63. f4 Re8 64. Rb6 Ke7 65. f5 Kd7 66. g5 hxg5
67. Kf3 Ra8 68. Kg4 Ra1 69. Kxg5 Rg1+ 70. Kf4 Rf1+ 71. Kg5 Rg1+ 72. Kf4 Rf1+
73. Kg4 Rg1+ 74. Kf4 1/2-1/2

[Event "Elit(Wasa-Vaxjo)"]
[Site "?"]
[Date "2023.10.13"]
[Round "1"]
[White "Lindberg, Bengt"]
[Black "Wedberg, Tom"]
[Result "1/2-1/2"]
[WhiteElo "2351"]
[BlackElo "2377"]
[PlyCount "68"]
[SourceVersionDate "2023.10.20"]

1. e4 e5 2. Nf3 Nc6 3. Nc3 Nf6 4. Bb5 Bb4 5. O-O O-O 6. d3 d6 7. Bg5 Bxc3 8.
bxc3 Qe7 9. Re1 Nd8 10. d4 Ne6 11. Bc1 c5 12. a4 Rd8 13. Nh4 Nf8 14. g3 h6 15.
d5 N6h7 16. Bd3 Qf6 17. f3 Ng6 18. Ng2 Rf8 19. Rf1 Qd8 20. Ne3 Ne7 21. f4 exf4
22. gxf4 f5 23. c4 fxe4 24. Bxe4 Nf5 25. Qd3 Qf6 26. Rb1 Qd4 27. Bxf5 Bxf5 28.
Qxd4 cxd4 29. Nxf5 Rxf5 30. Ba3 Rc8 31. Bxd6 Rxc4 32. Rxb7 Rxd5 33. Be5 Nf6 34.
Bxf6 gxf6 1/2-1/2

[Event "Elit(LASK-Vasteras)"]
[Site "?"]
[Date "2023.10.13"]
[Round "1"]
[White "Hamark, Jesper"]
[Black "Holm, Kristian Stuvik"]
[Result "0-1"]
[WhiteElo "2342"]
[BlackElo "2488"]
[PlyCount "47"]
[SourceVersionDate "2023.10.21"]

1. c4 e5 2. e3 Nf6 3. Nc3 Bb4 4. Nge2 O-O 5. a3 Be7 6. d4 exd4 7. Qxd4 a5 8. b3
Na6 9. Nf4 Nc5 10. Qd1 c6 11. Be2 Qb6 12. Rb1 d5 13. cxd5 Bf5 14. Rb2 Nfe4 15.
Na4 Qa7 16. g4 Nxa4 17. bxa4 Nc3 18. Qb3 Be4 19. f3 Bh4+ 20. Kf1 Nxe2 21. fxe4
Nxc1 22. Qc3 Rae8 23. Qxc1 Rxe4 24. Rb3 0-1

[Event "Elit(Wasa-Vaxjo)"]
[Site "?"]
[Date "2023.10.13"]
[Round "1"]
[White "Cramling, Pia"]
[Black "Olofsson-Dolk, Mattis"]
[Result "1-0"]
[WhiteElo "2452"]
[BlackElo "2216"]
[PlyCount "85"]
[SourceVersionDate "2023.10.20"]

1. d4 Nf6 2. c4 g6 3. Nc3 d5 4. Bg5 Ne4 5. Bh4 Nxc3 6. bxc3 dxc4 7. e3 Be6 8.
Nf3 Bg7 9. Be2 O-O 10. O-O c5 11. Rb1 cxd4 12. Nxd4 Bd5 13. Qc2 b6 14. Rfd1 Qc8
15. Nb5 e6 16. e4 Bc6 17. Be7 Qb7 18. Bxf8 Bxf8 19. f3 Bxb5 20. Rxb5 Qc6 21.
Rbb1 Na6 22. Kh1 Bg7 23. e5 Nc5 24. f4 Rc8 25. Bxc4 Bh6 26. Rf1 Qe4 27. Qe2
Qxe2 28. Bxe2 Ne4 29. Rb4 Nxc3 30. Rc4 Rxc4 31. Bxc4 b5 32. Bd3 b4 33. Bc4 Kf8
34. g3 Ke8 35. Kg2 Bg7 36. Kf3 Kd7 37. Ke3 Kc6 38. Kd3 Kc5 39. a3 Bf8 40. axb4+
Kxb4 41. Rc1 Na4 42. Rb1+ Kc5 43. Rb7 1-0

[Event "Elit(LASK-Vasteras)"]
[Site "?"]
[Date "2023.10.13"]
[Round "1"]
[White "Storme, Isak"]
[Black "Janse, Love"]
[Result "1-0"]
[WhiteElo "2443"]
[BlackElo "2221"]
[PlyCount "81"]
[SourceVersionDate "2023.10.21"]

1. d4 f5 2. Nf3 Nf6 3. g3 g6 4. Bg2 Bg7 5. O-O O-O 6. c4 d6 7. Nc3 Qe8 8. d5
Na6 9. Nd4 Bd7 10. b3 c6 11. Bb2 Nc5 12. b4 Nce4 13. Rb1 e5 14. dxe6 Bxe6 15.
Nxe6 Qxe6 16. Nxe4 Nxe4 17. Bxg7 Kxg7 18. Qc2 Rad8 19. Rfd1 Rd7 20. a3 Rfd8 21.
Rd4 d5 22. c5 Qf6 23. e3 Ng5 24. Rbd1 Ne6 25. R4d2 a5 26. Bf1 axb4 27. axb4 Ra8
28. Qb3 Rdd8 29. Ra2 Nc7 30. Rda1 Qf8 31. Qb2+ Qf6 32. Qd2 Qf8 33. Ra7 Rdb8 34.
Qd4+ Kf7 35. b5 Rxa7 36. Rxa7 cxb5 37. c6 Qd6 38. Rxb7 Rxb7 39. cxb7 Na6 40.
Bxb5 Nb8 41. Qh8 1-0

[Event "Elit(Wasa-Vaxjo)"]
[Site "?"]
[Date "2023.10.13"]
[Round "1"]
[White "Arman, Deniz"]
[Black "Cramling, Dan"]
[Result "1-0"]
[WhiteElo "2287"]
[BlackElo "2298"]
[PlyCount "66"]
[SourceVersionDate "2023.10.20"]

1. e4 Nf6 2. e5 Nd5 3. d4 d6 4. Nf3 g6 5. Bc4 Nb6 6. Bb3 Bg7 7. O-O O-O 8. exd6
cxd6 9. h3 Nc6 10. Be3 Na5 11. Qc1 e5 12. Nc3 Qc7 13. Rd1 Bf5 14. Bh6 Rac8 15.
Bxg7 Kxg7 16. dxe5 dxe5 17. Nb5 Nxb3 18. cxb3 Qxc1 19. Raxc1 Kf6 20. Rd6+ Ke7
21. Rcd1 Nd7 22. g4 Be6 23. Ng5 Nf6 24. Nxa7 Ra8 25. Nb5 Rxa2 26. Nxe6 fxe6 27.
Rb6 Nd5 28. Rxb7+ Kf6 29. Nd6 Kg5 30. Rxh7 Rxb2 31. Re1 Kf4 32. Kg2 Nf6 33. Rb7
Rd2 1-0

[Event "Elit(LASK-Vasteras)"]
[Site "?"]
[Date "2023.10.13"]
[Round "1"]
[White "Vaarala, Eric"]
[Black "Ahlander, Bjorn"]
[Result "1-0"]
[WhiteElo "2293"]
[BlackElo "2400"]
[PlyCount "125"]
[SourceVersionDate "2023.10.21"]

1. d4 Nf6 2. Nf3 e6 3. c4 Bb4+ 4. Bd2 Qe7 5. a3 Bxd2+ 6. Qxd2 O-O 7. Nc3 d5 8.
e3 Rd8 9. c5 Nbd7 10. Be2 e5 11. Nxe5 Nxe5 12. dxe5 Qxe5 13. Qd4 Qxd4 14. exd4
Re8 15. O-O Bf5 16. Bf3 c6 17. Rfe1 g5 18. g3 Kg7 19. b4 a6 20. a4 Bd3 21. Re3
Rxe3 22. fxe3 Ne4 23. Bxe4 dxe4 24. Ra2 f5 25. Rf2 Kg6 26. d5 cxd5 27. Nxd5 Re8
28. h4 Re5 29. Nc7 a5 30. bxa5 Rxc5 31. Ne6 Rxa5 32. Nxg5 Rxa4 33. Ne6 Ra5 34.
Nd4 Bc4 35. Kh2 Rd5 36. Kg2 b5 37. Rb2 Rd6 38. Kf2 Ra6 39. Nc2 Kh5 40. Nd4 Kg4
41. Kg2 f4 42. gxf4 Kxh4 43. Kh2 Rg6 44. Rc2 Kg4 45. Rg2+ Kh5 46. Rc2 Rd6 47.
Rg2 Rd5 48. Rg7 Kh6 49. Rb7 Rh5+ 50. Kg3 Kg6 51. Rb6+ Kf7 52. f5 Rg5+ 53. Kf4
Rg8 54. Nc6 h5 55. Ne5+ Ke7 56. f6+ Kd8 57. Nxc4 Rg4+ 58. Ke5 Kc7 59. f7 bxc4
60. Rf6 Rg5+ 61. Kd4 c3 62. Kxc3 Rc5+ 63. Kd4 1-0